| 000 | 01309nam a2200409 c 4500 | ||
|---|---|---|---|
| 001 | 21615 | ||
| 003 | ES-MaCES | ||
| 005 | 20150929124732.0 | ||
| 008 | 081118s2008 xxuo t 000 | eng d | ||
| 020 | _a9780393331158 (pbk) | ||
| 020 | _a0393064484 (hardcover) | ||
| 020 | _a9780393064483 (hardcover) | ||
| 035 | _aCES20080011620m | ||
| 040 |
_aES-MaCES _bspa _cES-MaCES |
||
| 100 | 1 |
_aTaylor, John B. _924729 |
|
| 245 | 1 | 0 |
_aGlobal financial warriors _b: the untold story of international finance in the post-9/11 world _cJohn B. Taylor |
| 250 | _a1st ed | ||
| 260 |
_aNew York _aLondon _bW. W. Norton & Company _c2008 |
||
| 300 |
_aXXV, 324 _bfot. bl. y n. _c21 cm |
||
| 500 | _aÍndices | ||
| 541 | _cCompra | ||
| 650 | 4 |
_amercado financiero _928150 |
|
| 650 | 4 |
_asistema monetario internacional _928167 |
|
| 650 | 4 |
_areforma monetaria internacional _928165 |
|
| 650 | 4 |
_apolítica financiera _928124 |
|
| 650 | 4 |
_apapel del Banco Mundial _930355 |
|
| 650 | 4 |
_apapel del FMI _930354 |
|
| 650 | 4 |
_aAfganistán _926972 |
|
| 650 | 4 |
_aIrak _926977 |
|
| 650 | 4 |
_aTurquía _926990 |
|
| 650 | 4 |
_a2001-uuuu _931945 |
|
| 653 | 1 | 0 | _aFinanciación |
| 650 | 4 |
_930761 _asector financiero |
|
| 902 | _aLIB Libro | ||
| 942 |
_2CES _cBK _h0.0. |
||
| 999 |
_c21615 _d21615 |
||